[Event "Satka Autumn op (Women)"]
[Site "Satka"]
[Date "2020.10.25"]
[Round "5"]
[White "Leolko, Ljudmila"]
[Black "Loskutova, Viktoriya"]
[Result "0-1"]
[WhiteElo "1899"]
[BlackElo "2110"]
[PlyCount "120"]
[EventDate "2020.10.21"]
[EventType "swiss"]
[EventRounds "9"]
[EventCountry "RUS"]
[SourceTitle "CBM 199 Extra"]
[Source "ChessBase"]
[SourceDate "2021.01.31"]
[SourceVersion "1"]
[SourceVersionDate "2021.01.31"]
[SourceQuality "1"]

1. d4 Nf6 2. Nf3 d5 3. e3 e6 4. Bd3 b6 5. 0-0 Bb7 6. b3 Bd6 7. Bb2 0-0 8. Nbd2 c5 9. Ne5 Nc6 10. f4 Rc8 11. Qf3 cxd4 12. Nxc6 Bxc6 13. Bxd4 Qe7 14. Qg3 g6 15. Qg5 Nd7 16. Qh6 f6 17. Rf3 Qg7 18. Qh3 Rfe8 19. Raf1 Re7 20. Ba1 Rf8 21. e4 Bb4 22. c3 Bc5+ 23. Kh1 e5 24. f5 g5 25. Rg3 Rd8 26. b4 Bd6 27. a3 a5 28. Qg4 axb4 29. axb4 Qf7 30. h4 h5 31. Qe2 g4 32. c4 dxe4 33. Nxe4 Bxb4 34. Nc3 Bxc3 35. Bxc3 Nc5 36. Bc2 Ba4 37. Bxa4 Nxa4 38. Bb4 Red7 39. Ra3 Nc5 40. Rfa1 Nd3 41. Ra4 Nxb4 42. Rxb4 Rd2 43. Qe3 Qb7 44. Rg1 R2d4 45. Qh6 Qf7 46. Rxb6 g3 47. Re1 Rd1 48. Rb1 Rxe1+ 49. Rxe1 Rc8 50. Rc1 Qg7 51. Qxh5 Qh7 52. Qg4+ Qg7 53. Qf3 Rd8 54. c5 Rd4 55. c6 Rxh4+ 56. Kg1 Qa7+ 57. Kf1 Rh1+ 58. Ke2 Qa2+ 59. Kd3 Rxc1 60. Qxg3+ Kf8 0-1

[Event "Moscow op (Women) 16th"]
[Site "Moscow"]
[Date "2020.02.01"]
[Round "8"]
[White "Khachatryan, Anna"]
[Black "Leolko, Ljudmila"]
[Result "1-0"]
[WhiteElo "2051"]
[BlackElo "1901"]
[PlyCount "89"]
[EventDate "2020.01.25"]
[EventType "swiss"]
[EventRounds "9"]
[EventCountry "RUS"]
[SourceTitle "CBM 194 Extra"]
[Source "ChessBase"]
[SourceDate "2020.03.31"]
[SourceVersion "1"]
[SourceVersionDate "2020.03.31"]
[SourceQuality "1"]

1. d4 Nf6 2. Nf3 g6 3. c4 Bg7 4. Nc3 d5 5. Bg5 c6 6. e3 0-0 7. Bd3 Nbd7 8. cxd5 cxd5 9. 0-0 Nb6 10. h3 Be6 11. Rc1 Rc8 12. Qe2 Ne8 13. Rfd1 Nd6 14. b3 Bf5 15. Bxf5 Nxf5 16. Qb5 f6 17. Bf4 Rc6 18. Na4 a6 19. Qb4 Nxa4 20. Rxc6 bxc6 21. Qxa4 Qb6 22. Rc1 Rc8 23. e4 dxe4 24. Qc4+ Kh8 25. Qe6 Qd8 26. Qxe4 Qd7 27. Qe2 Nxd4 28. Nxd4 Qxd4 29. Qxa6 Qd7 30. b4 f5 31. b5 c5 32. b6 e5 33. Be3 Bf8 34. b7 Rb8 35. Bxc5 Bxc5 36. Rxc5 Qxb7 37. Qf6+ Qg7 38. Qd6 Qf8 39. Qxe5+ Kg8 40. Rc7 Rb1+ 41. Kh2 Rd1 42. Re7 Rd8 43. f4 g5 44. fxg5 f4 45. Qe4 1-0

[Event "Moscow op (Women) 16th"]
[Site "Moscow"]
[Date "2020.01.30"]
[Round "6"]
[White "Petrova, Irina"]
[Black "Leolko, Ljudmila"]
[Result "0-1"]
[WhiteElo "2109"]
[BlackElo "1901"]
[PlyCount "158"]
[EventDate "2020.01.25"]
[EventType "swiss"]
[EventRounds "9"]
[EventCountry "RUS"]
[SourceTitle "CBM 194 Extra"]
[Source "ChessBase"]
[SourceDate "2020.03.31"]
[SourceVersion "1"]
[SourceVersionDate "2020.03.31"]
[SourceQuality "1"]

1. d4 Nf6 2. Nf3 g6 3. c4 Bg7 4. Nc3 d5 5. cxd5 Nxd5 6. Na4 Nb6 7. e4 Bg4 8. Be3 Nc6 9. d5 Ne5 10. Be2 0-0 11. Nxb6 axb6 12. Nd4 Bxe2 13. Qxe2 Qd7 14. h3 c5 15. Nb5 c4 16. Nc3 Nd3+ 17. Kf1 b5 18. g3 b4 19. Nd1 f5 20. h4 fxe4 21. h5 Qxd5 22. hxg6 hxg6 23. Qg4 Qf5 24. Qh4 Kf7 25. g4 Qe5 26. Rg1 Rh8 27. Qg5 Qxg5 28. Bxg5 Nxb2 29. Nxb2 Bxb2 30. Re1 Ra5 31. Bf4 e5 32. Bg5 Rxa2 33. Rxe4 Bd4 34. Be3 Bxe3 35. Rxe3 Rh2 36. Rxe5 Rhxf2+ 37. Ke1 Kf6 38. Rb5 Rae2+ 39. Kd1 Rb2 40. g5+ Kg7 41. Rxb7+ Rf7 42. Rxf7+ Kxf7 43. Rf1+ Kg7 44. Rf4 c3 45. Rc4 Kf7 46. Kc1 Ke6 47. Rc5 Kd6 48. Rc8 Ke5 49. Rc6 Kf5 50. Rc5+ Kg4 51. Kd1 Kh5 52. Kc1 Rg2 53. Rb5 Rb2 54. Kd1 b3 55. Kc1 Kg4 56. Rc5 Rc2+ 57. Kb1 Kf4 58. Rb5 Rb2+ 59. Kc1 Ke4 60. Rb8 Rg2 61. Rxb3 Kd3 62. Kb1 Rxg5 63. Rb6 Rg1+ 64. Ka2 Kc2 65. Rf6 Rg2 66. Ka3 g5 67. Rg6 Kc1 68. Rf6 c2 69. Rf1+ Kd2 70. Kb2 g4 71. Rc1 Kd3 72. Rf1 g3 73. Rf8 Re2 74. Rd8+ Ke3 75. Re8+ Kf2 76. Rf8+ Ke1 77. Rg8 g2 78. Rg7 Kd1 79. Rd7+ Rd2 0-1

[Event "Moscow op (Women) 16th"]
[Site "Moscow"]
[Date "2020.01.29"]
[Round "5"]
[White "Leolko, Ljudmila"]
[Black "Golubenko, Valentina"]
[Result "1/2-1/2"]
[WhiteElo "1901"]
[BlackElo "2223"]
[PlyCount "166"]
[EventDate "2020.01.25"]
[EventType "swiss"]
[EventRounds "9"]
[EventCountry "RUS"]
[SourceTitle "CBM 194 Extra"]
[Source "ChessBase"]
[SourceDate "2020.03.31"]
[SourceVersion "1"]
[SourceVersionDate "2020.03.31"]
[SourceQuality "1"]

1. Nf3 d5 2. e3 Nf6 3. c4 g6 4. Nc3 c6 5. b3 Bg7 6. Bb2 0-0 7. d4 Bf5 8. Bd3 Bxd3 9. Qxd3 Nbd7 10. 0-0 e6 11. Rad1 a6 12. Ne5 Nxe5 13. dxe5 Ng4 14. f4 Qb6 15. Rfe1 dxc4 16. Qe2 Nh6 17. Qxc4 Rfd8 18. Na4 Qc7 19. Qc5 b5 20. Qb6 Qe7 21. Nc3 Qe8 22. Ne4 Rdb8 23. Qc5 Nf5 24. Rc1 Ne7 25. Nd6 Qd8 26. Red1 Qc7 27. Rd3 Rd8 28. e4 Bf8 29. Qc3 Qb6+ 30. Qd4 Qxd4+ 31. Bxd4 Nc8 32. Bc5 Bxd6 33. exd6 Rd7 34. e5 Ne7 35. Bf2 Nd5 36. g3 a5 37. a3 Ra6 38. Bd4 Kf8 39. Rd2 Rd8 40. Rdc2 Rc8 41. Rc5 b4 42. a4 Ke8 43. Kf2 Kd7 44. Kf3 f6 45. Rf1 fxe5 46. fxe5 Rf8+ 47. Ke2 Rf5 48. Rcc1 Ra8 49. g4 Rf4 50. Rxf4 Nxf4+ 51. Kd2 g5 52. Rh1 Rc8 53. Rc1 h5 54. h4 hxg4 55. hxg5 Nh3 56. Be3 Rg8 57. Rf1 Nxg5 58. Kd3 Nf3 59. Ke4 Rh8 60. Rf2 Rh5 61. Bf4 Rh7 62. Rg2 Rg7 63. Be3 Nh4 64. Rg1 g3 65. Bb6 g2 66. Bxa5 Rg3 67. Kf4 Rxb3 68. Bb6 Ra3 69. a5 b3 70. Kg3 Ng6 71. Kxg2 Nxe5 72. Bc7 Nc4 73. Kf2 Ra2+ 74. Kf3 Nxd6 75. Rg7+ Kc8 76. Bxd6 Rxa5 77. Rc7+ Kd8 78. Rxc6 Kd7 79. Rb6 b2 80. Bf4 Ra3+ 81. Ke2 Ra4 82. Be3 Ra2 83. Kd3 Ra3+ 1/2-1/2

[Event "RUS-chT2"]
[Site "Sochi"]
[Date "2019.05.04"]
[Round "4.4"]
[White "Leolko, Ljudmila"]
[Black "Utiatskaja, Irina"]
[Result "0-1"]
[WhiteElo "1872"]
[BlackElo "2213"]
[PlyCount "86"]
[EventDate "2019.05.01"]
[EventType "team-swiss"]
[EventRounds "9"]
[EventCountry "RUS"]
[SourceTitle "CBM 190 Extra"]
[Source "ChessBase"]
[SourceDate "2019.07.15"]
[SourceVersion "1"]
[SourceVersionDate "2019.07.15"]
[SourceQuality "1"]
[WhiteTeam "Volga Samara Region"]
[BlackTeam "Moscow Law Faculty"]
[WhiteTeamCountry "RUS"]
[BlackTeamCountry "RUS"]

1. e4 c5 2. Nf3 e6 3. d4 cxd4 4. Nxd4 Nc6 5. c3 Qc7 6. Be3 Nf6 7. Nd2 a6 8. f4 d6 9. Be2 Be7 10. Bf3 e5 11. Nxc6 Qxc6 12. 0-0 Qc7 13. Qe2 0-0 14. a4 exf4 15. Bxf4 Be6 16. c4 Nd7 17. b3 Bf6 18. Rac1 Bd4+ 19. Kh1 Ne5 20. Be3 Qb6 21. Rfe1 Rab8 22. Bxd4 Qxd4 23. Qe3 Qc5 24. Qc3 Rfc8 25. Red1 h6 26. Nf1 b5 27. Qa5 bxc4 28. Qxc5 dxc5 29. bxc4 Nxc4 30. Be2 Rb4 31. a5 Kf8 32. Rc3 Nxa5 33. Ra1 Nb3 34. Rxa6 Rxe4 35. Ng3 Rb4 36. Kg1 Nd4 37. Ra5 Rb2 38. Ba6 Ra8 39. h3 Rb3 40. Ne4 Rxc3 41. Nxc3 Bc8 42. Rxc5 Bxa6 43. Nd5 Ne6 0-1

[Event "Voronezh op-B 22nd"]
[Site "Voronezh"]
[Date "2018.06.16"]
[Round "5"]
[White "Leolko, Ljudmila"]
[Black "Godzhurov, Lidzhi"]
[Result "1-0"]
[WhiteElo "1901"]
[BlackElo "1703"]
[PlyCount "69"]
[EventDate "2018.06.12"]
[EventType "swiss"]
[EventRounds "9"]
[EventCountry "RUS"]
[SourceTitle "CBM 185 Extra"]
[Source "ChessBase"]
[SourceDate "2018.07.29"]
[SourceVersion "1"]
[SourceVersionDate "2018.07.29"]
[SourceQuality "1"]

1. f4 Nf6 2. Nf3 g6 3. g3 Bg7 4. Bg2 d5 5. 0-0 0-0 6. d3 Bf5 7. c3 c5 8. Qb3 Qc7 9. Nh4 Bg4 10. Re1 Be6 11. c4 Re8 12. Nc3 Nc6 13. cxd5 Nd4 14. Qd1 Nxd5 15. Nxd5 Bxd5 16. e4 Bc6 17. Be3 Bb5 18. Bf1 Bf6 19. Rc1 Bxh4 20. gxh4 Qa5 21. Qg4 Qxa2 22. Qg2 Rac8 23. f5 Kh8 24. fxg6 fxg6 25. Qf2 e5 26. Qf6+ Kg8 27. Bxd4 exd4 28. Rxc5 Bd7 29. Rxc8 Rxc8 30. Qxd4 Rc2 31. Re2 Rxe2 32. Bxe2 Qb1+ 33. Kg2 Qe1 34. Qc4+ Kh8 35. Qd5 1-0

[Event "Moscow op-F 13th"]
[Site "Moscow"]
[Date "2017.02.02"]
[Round "7"]
[White "Matsenko, Andrei"]
[Black "Leolko, Ljudmila"]
[Result "1/2-1/2"]
[WhiteElo "2356"]
[BlackElo "2012"]
[PlyCount "104"]
[EventDate "2017.01.27"]
[EventType "swiss"]
[EventRounds "9"]
[EventCountry "RUS"]
[SourceTitle "CBM 176 Extra"]
[Source "ChessBase"]
[SourceDate "2017.03.02"]
[SourceVersion "1"]
[SourceVersionDate "2017.03.02"]
[SourceQuality "1"]

1. b3 d5 2. Bb2 c5 3. e3 Nc6 4. f4 Nf6 5. Nf3 e6 6. Bb5 Qc7 7. Ne5 Bd6 8. 0-0 h5 9. d3 Bd7 10. Bxc6 Bxc6 11. Nd2 0-0-0 12. Qe2 h4 13. Nxc6 Qxc6 14. e4 dxe4 15. dxe4 Bc7 16. e5 Nd5 17. h3 Ne7 18. Ne4 Nf5 19. Rfd1 c4 20. Kh2 Qb6 21. Ng5 Qe3 22. Rxd8+ Rxd8 23. Qxe3 Nxe3 24. bxc4 Rd2 25. Bc1 Rxg2+ 26. Kh1 Re2 27. Bxe3 Rxe3 28. Kg2 Rg3+ 29. Kf2 Bxe5 30. Re1 Bd4+ 31. Ke2 Re3+ 32. Kd2 Rxe1 33. Kxe1 Be3 34. Nxf7 Bxf4 35. Ke2 Kd7 36. Kf3 Bg3 37. Ke4 Ke7 38. Ng5 Kf6 39. Nf3 g5 40. Ng1 Bf2 41. Ne2 Be1 42. Nd4 a6 43. c5 e5 44. c6 bxc6 45. Nxc6 Bc3 46. Kf3 a5 47. Nd8 Kf5 48. Nf7 e4+ 49. Ke3 Bb4 50. Nh6+ Ke5 51. Ng4+ Kf5 52. Nh6+ Ke5 1/2-1/2

[Event "RUS-chT (Women)"]
[Site "Sochi"]
[Date "2015.05.07"]
[Round "7.3"]
[White "Lingur, Zalina"]
[Black "Leolko, Ljudmila"]
[Result "1-0"]
[WhiteElo "2126"]
[BlackElo "1902"]
[PlyCount "45"]
[EventDate "2015.05.01"]
[EventType "team-swiss"]
[EventRounds "7"]
[EventCountry "RUS"]
[SourceTitle "CBM 166 Extra"]
[Source "ChessBase"]
[SourceDate "2015.06.18"]
[SourceVersion "1"]
[SourceVersionDate "2015.06.18"]
[SourceQuality "1"]
[WhiteTeam "Grozny (W)"]
[BlackTeam "Moscow Academy (W)"]
[WhiteTeamCountry "RUS"]
[BlackTeamCountry "RUS"]

1. e4 c5 2. Nf3 d6 3. d4 cxd4 4. Nxd4 Nf6 5. Nc3 g6 6. Be3 Bg7 7. f3 0-0 8. Qd2 Nc6 9. 0-0-0 d5 10. Kb1 Nxd4 11. e5 Nd7 12. Bxd4 Nxe5 13. Qe1 Nc6 14. Bxg7 Kxg7 15. Nxd5 e5 16. Bb5 Qg5 17. g4 e4 18. Bxc6 exf3 19. Qc3+ f6 20. h3 bxc6 21. Qxc6 Bxg4 22. hxg4 h6 23. Nc7 1-0

[Event "RUS-chT (Women)"]
[Site "Sochi"]
[Date "2015.05.02"]
[Round "2.5"]
[White "Leolko, Ljudmila"]
[Black "Markelova, Lubov"]
[Result "1/2-1/2"]
[WhiteElo "1902"]
[BlackElo "2089"]
[PlyCount "86"]
[EventDate "2015.05.01"]
[EventType "team-swiss"]
[EventRounds "7"]
[EventCountry "RUS"]
[SourceTitle "CBM 166 Extra"]
[Source "ChessBase"]
[SourceDate "2015.06.18"]
[SourceVersion "1"]
[SourceVersionDate "2015.06.18"]
[SourceQuality "1"]
[WhiteTeam "Moscow Academy (W)"]
[BlackTeam "Kazan Ladya (W)"]
[WhiteTeamCountry "RUS"]
[BlackTeamCountry "RUS"]

1. e4 e6 2. Nf3 d5 3. Nc3 Nf6 4. e5 Nfd7 5. d4 c5 6. dxc5 Nc6 7. Bf4 Bxc5 8. Bd3 f6 9. Qe2 fxe5 10. Nxe5 Ndxe5 11. Bxe5 Nxe5 12. Qxe5 0-0 13. 0-0 Qf6 14. Qxf6 Rxf6 15. Na4 Be7 16. Bb5 e5 17. Rfe1 e4 18. f3 a6 19. Bf1 Bb4 20. Red1 Bd7 21. a3 Bxa4 22. axb4 Bxc2 23. Rxd5 exf3 24. gxf3 Bb3 25. Rd3 Bc4 26. Rc3 Bxf1 27. Kxf1 Raf8 28. Kf2 Rf4 29. b5 axb5 30. Ra7 R4f7 31. Ra5 b4 32. Rb3 g6 33. Rb5 Rd8 34. R5xb4 Rd2+ 35. Kg3 Rdd7 36. Rb5 Kg7 37. Rb6 Rde7 38. Kf2 Rd7 39. Kg3 Rc7 40. Kf2 Rc2+ 41. Kg3 Rcc7 42. Kf2 Rc2+ 43. Kg3 Rcc7 1/2-1/2

[Event "Sterlitamak Rochinskiy op"]
[Site "Sterlitamak"]
[Date "2012.06.29"]
[Round "8"]
[White "Timankin, Fedor"]
[Black "Leolko, Ljudmila"]
[Result "0-1"]
[WhiteElo "1985"]
[BlackElo "1784"]
[PlyCount "106"]
[EventDate "2012.06.22"]
[EventType "swiss"]
[EventRounds "9"]
[EventCountry "RUS"]
[SourceTitle "EXT 2013"]
[Source "ChessBase"]
[SourceDate "2012.11.22"]
[SourceVersion "1"]
[SourceVersionDate "2012.11.22"]
[SourceQuality "1"]

1. Nf3 d5 2. g3 c6 3. b3 Nf6 4. Bb2 Nbd7 5. Bg2 Qc7 6. 0-0 e5 7. d3 Bd6 8. Nbd2 0-0 9. c4 d4 10. Ne4 Be7 11. Nxf6+ Nxf6 12. e4 Bg4 13. h3 Bc8 14. Bc1 Nd7 15. Nh2 a5 16. Rb1 Nc5 17. f4 f5 18. Re1 Bd6 19. Nf3 fxe4 20. dxe4 d3 21. fxe5 Bxe5 22. Nxe5 Qxe5 23. Bf4 Qe7 24. Qh5 Bd7 25. Be3 Na6 26. Rbd1 g6 27. Qg5 Qxg5 28. Bxg5 Nb4 29. Be7 Rf7 30. Bxb4 axb4 31. Rxd3 Rxa2 32. Rd6 c5 33. e5 Bc6 34. Bxc6 bxc6 35. Rf1 Re2 36. Rdf6 Rxf6 37. exf6 Kf7 38. Rf3 Re6 39. g4 Rxf6 40. Kg2 Rxf3 41. Kxf3 g5 42. Kg3 Kf6 43. h4 Ke5 44. hxg5 Kd4 45. Kh4 Kc3 46. Kh5 Kxb3 47. Kh6 Kc3 48. Kxh7 b3 49. g6 b2 50. g7 b1Q+ 51. Kh6 Qh1+ 52. Kg5 Qh7 53. Kf6 Qg8 0-1

[Event "Sterlitamak Rochinskiy op"]
[Site "Sterlitamak"]
[Date "2012.06.26"]
[Round "5"]
[White "Leolko, Ljudmila"]
[Black "Kuptaraev, Danil"]
[Result "1-0"]
[WhiteElo "1784"]
[BlackElo "1947"]
[PlyCount "57"]
[EventDate "2012.06.22"]
[EventType "swiss"]
[EventRounds "9"]
[EventCountry "RUS"]
[SourceTitle "EXT 2013"]
[Source "ChessBase"]
[SourceDate "2012.11.22"]
[SourceVersion "1"]
[SourceVersionDate "2012.11.22"]
[SourceQuality "1"]

1. e4 e6 2. Nf3 d5 3. Nc3 Nf6 4. e5 Nfd7 5. d4 c5 6. dxc5 Bxc5 7. Bf4 Nc6 8. Bd3 h6 9. 0-0 a6 10. Qd2 b5 11. a3 g5 12. Bg3 Be7 13. Qe2 Nc5 14. Nd2 h5 15. f4 h4 16. Be1 Qb6 17. Kh1 Qc7 18. fxg5 Nxe5 19. Nf3 Nxf3 20. Qxf3 Kd8 21. Nxd5 exd5 22. Qxd5+ Bd6 23. Qxa8 h3 24. g3 Ke7 25. Be4 Nxe4 26. Qxe4+ Kd8 27. Kg1 Bb7 28. Qd4 Rh4 29. gxh4 1-0

[Event "Sterlitamak Rochinskiy op"]
[Site "Sterlitamak"]
[Date "2012.06.25"]
[Round "4"]
[White "Schelokov, Valery"]
[Black "Leolko, Ljudmila"]
[Result "0-1"]
[WhiteElo "2037"]
[BlackElo "1784"]
[PlyCount "50"]
[EventDate "2012.06.22"]
[EventType "swiss"]
[EventRounds "9"]
[EventCountry "RUS"]
[SourceTitle "EXT 2013"]
[Source "ChessBase"]
[SourceDate "2012.11.22"]
[SourceVersion "1"]
[SourceVersionDate "2012.11.22"]
[SourceQuality "1"]

1. g4 d5 2. Bg2 Bxg4 3. c4 c6 4. cxd5 Nf6 5. Nc3 g6 6. h3 Bd7 7. e4 Bg7 8. d4 cxd5 9. e5 Ne4 10. Nxe4 dxe4 11. Bxe4 Nc6 12. f4 Qb6 13. Nf3 Rc8 14. Rh2 f6 15. e6 Bxe6 16. d5 Qb4+ 17. Nd2 f5 18. Bh1 Nd4 19. dxe6 Nc2+ 20. Ke2 Qb5+ 21. Kf2 Nxa1 22. Nf3 0-0 23. Kg3 Rfd8 24. Bd2 Nc2 25. h4 Ne3 0-1

[Event "Privolzhskogo FO-ch (Women)"]
[Site "Togliatti"]
[Date "2012.03.27"]
[Round "8"]
[White "Leolko, Ljudmila"]
[Black "Goltseva, Ekaterina"]
[Result "1-0"]
[WhiteElo "1807"]
[BlackElo "1571"]
[PlyCount "139"]
[EventDate "2012.03.20"]
[EventType "swiss"]
[EventRounds "9"]
[EventCountry "RUS"]
[SourceTitle "EXT 2013"]
[Source "ChessBase"]
[SourceDate "2012.11.22"]
[SourceVersion "1"]
[SourceVersionDate "2012.11.22"]
[SourceQuality "1"]

1. e4 c6 2. d4 d5 3. f3 g6 4. Be3 Bg7 5. Ne2 Na6 6. e5 h5 7. Qd2 Nh6 8. Nbc3 Nc7 9. 0-0-0 Nf5 10. Kb1 Nxe3 11. Qxe3 Bh6 12. Qf2 Be6 13. h3 Qd7 14. g4 hxg4 15. hxg4 0-0-0 16. Bg2 Bg7 17. Na4 b6 18. Qe3 f6 19. exf6 exf6 20. Qd3 g5 21. Ng3 c5 22. Nc3 c4 23. Qd2 Rxh1 24. Rxh1 Rh8 25. Nh5 Kb7 26. Ne2 Qe7 27. Neg3 Qf7 28. b3 cxb3 29. axb3 Bh6 30. Qd3 Kb8 31. Kb2 Bg7 32. Re1 Re8 33. Nf5 Bxf5 34. Rxe8+ Nxe8 35. Qxf5 Nc7 36. f4 gxf4 37. Nxf4 Nb5 38. Bxd5 Qe7 39. Qd3 Qa3+ 40. Kb1 a6 41. Ne6 Bh6 42. Qg3+ Ka7 43. g5 Bxg5 44. Nxg5 fxg5 45. Qd3 Qe7 46. Bc6 Nc7 47. d5 Qe1+ 48. Kb2 Qe5+ 49. Ka2 g4 50. d6 Ne6 51. Qh7+ Qg7 52. Qf5 Nd8 53. Bg2 Kb8 54. Qd5 Nb7 55. d7 Nd8 56. Qa8+ Kc7 57. Qc8+ Kd6 58. Qxd8 Qxd7 59. Qxb6+ Ke7 60. Qxa6 Qd1 61. Qb7+ Kf6 62. Qc6+ Ke7 63. b4 Qd2 64. Qe4+ Kf8 65. Kb2 Qd1 66. b5 Qd7 67. Qb4+ Kf7 68. b6 Qf5 69. Qc4+ Ke7 70. Qe4+ 1-0

[Event "Moscow op (Women)"]
[Site "Moscow"]
[Date "2012.02.03"]
[Round "7"]
[White "Tomnikova, Lidia"]
[Black "Leolko, Ljudmila"]
[Result "1-0"]
[WhiteElo "2074"]
[BlackElo "1794"]
[PlyCount "53"]
[EventDate "2012.01.28"]
[EventType "swiss"]
[EventRounds "9"]
[EventCountry "RUS"]
[SourceTitle "CBM 146 Extra"]
[Source "ChessBase"]
[SourceDate "2012.02.29"]
[SourceVersion "1"]
[SourceVersionDate "2012.02.29"]
[SourceQuality "1"]

1. e4 c5 2. Nf3 d6 3. d4 cxd4 4. Nxd4 Nf6 5. Nc3 g6 6. Be3 Bg7 7. f3 Nc6 8. Qd2 0-0 9. 0-0-0 d5 10. Kb1 Nxd4 11. e5 Nxf3 12. gxf3 Nd7 13. Qxd5 Bxe5 14. Bh6 Re8 15. Bb5 e6 16. Qd2 Qc7 17. Bxd7 Rd8 18. Nb5 Qxd7 19. Qe2 Qe7 20. Qxe5 f6 21. Rxd8+ Qxd8 22. Qc7 Qxc7 23. Nxc7 Rb8 24. Rd1 Kf7 25. Rd8 g5 26. Bf8 h5 27. Nb5 1-0

[Event "Moscow op (Women)"]
[Site "Moscow"]
[Date "2012.01.28"]
[Round "1"]
[White "Sukhareva, Evgenia"]
[Black "Leolko, Ljudmila"]
[Result "1-0"]
[WhiteElo "2212"]
[BlackElo "1794"]
[PlyCount "64"]
[EventDate "2012.01.28"]
[EventType "swiss"]
[EventRounds "9"]
[EventCountry "RUS"]
[SourceTitle "CBM 146 Extra"]
[Source "ChessBase"]
[SourceDate "2012.02.29"]
[SourceVersion "1"]
[SourceVersionDate "2012.02.29"]
[SourceQuality "1"]

1. d4 d5 2. Nf3 Nf6 3. c4 c6 4. Qc2 dxc4 5. Qxc4 Bg4 6. Nc3 Nbd7 7. e4 Bxf3 8. gxf3 e5 9. Be3 exd4 10. Bxd4 Bd6 11. 0-0-0 Qc7 12. h4 0-0 13. Bh3 c5 14. Nb5 Bf4+ 15. Be3 Bxe3+ 16. fxe3 Qc8 17. Qc3 Qc6 18. Nd6 Rad8 19. Nf5 Qa4 20. Rhg1 Qxa2 21. Nxg7 Kh8 22. Nh5 Qa1+ 23. Kc2 Qa4+ 24. Kb1 Ne5 25. Rxd8 Rxd8 26. Nxf6 Rd1+ 27. Rxd1 Qxd1+ 28. Ka2 Qa4+ 29. Qa3 Qc4+ 30. Kb1 Qe2 31. Qxc5 Kg7 32. Nh5+ Kh6 1-0